Best Selling Nintendo Games by Year - Statistics

General Stats
  • This quiz has been taken 1,012 times
    213 since last reset
  • The average score is 19 of 43
Answer Stats
Year Console Copies Sold (in millions) Game % Correct
1985 NES 48.24 Super Mario Bros.
99%
2014 WiiU / Switch 77.32 (8.46 + 68.86) Mario Kart 8 / Mario Kart 8 Deluxe
77%
1986 NES 6.51 The Legend of Zelda
76%
2017 WiiU / Switch 34.73 (1.69 + 33.04) The Legend of Zelda: Breath of the Wild
71%
1996 Game Boy 47.52 Pokémon Red / Blue / Green / Yellow
68%
2006 Wii 82.88 Wii Sports
67%
1988 NES 19 Super Mario Bros. 3
64%
1990 SNES 20.61 Super Mario World
64%
2013 3DS 16.44 Pokémon X / Y
62%
2025 Switch 2 5.63 Mario Kart World
60%
1999 Game Boy / Game Boy Colour 24.49 Pokémon Gold / Silver / Crystal
60%
1998 N64 7.6 The Legend of Zelda: Ocarina of Time
60%
1989 Game Boy 35 Tetris
59%
2023 Switch 21.93 The Legend of Zelda: Tears of the Kingdom
57%
2018 Switch 36.55 Super Smash Bros. Ultimate
53%
2008 Wii 37.24 Mario Kart Wii
52%
2011 3DS 18.68 Mario Kart 7
50%
2002 Game Boy Advance 23.28 Pokémon Ruby / Sapphire / Emerald
50%
2001 GameCube 7.09 Super Smash Bros. Melee
49%
2010 DS 15.64 Pokémon Black / White
48%
2021 Switch 15.06 Pokémon Brilliant Diamond / Shining Pearl
48%
2019 Switch 26.84 Pokémon Sword / Shield
47%
2022 Switch 27.15 Pokémon Scarlet / Violet
44%
2016 3DS 16.18 Pokémon Sun / Moon / Ultra Sun / Ultra Moon
44%
2020 Switch 48.19 Animal Crossing: New Horizons
43%
2009 Wii 33.11 Wii Sports Resort
38%
1984 NES 28.3 Duck Hunt
37%
2000 N64 3.36 The Legend of Zelda: Majora’s Mask
36%
1994 SNES 9.3 Donkey Kong Country
35%
2003 GameCube 7 Mario Kart Double Dash
34%
1991 SNES 4.61 The Legend of Zelda: A Link to the Past
32%
2007 Wii 43.8 Wii Fit / Wii Fit Plus
27%
2012 WiiU / Switch 24.18 (5.82 + 18.36) New Super Mario Bros. U
24%
2005 DS 23.96 Nintendogs
24%
2004 Game Boy Advance 12 Pokémon Fire Red / Leaf Green
24%
1987 NES 4.38 Zelda II: The Adventure of Link
24%
1995 SNES 5.15 Donkey Kong Country 2: Diddy’s Kong Quest
20%
1997 N64 8.09 GoldenEye 007
20%
1992 Game Boy 11.18 Super Mario Land 2: Six Golden Coins
17%
2015 WiiU / 3DS 7.81 (4.02 + 3.79) Super Mario Maker
17%
1993 SNES 10.55 Super Mario All-Stars
8%
2024 Switch 7.48 Super Mario Party Jamboree
7%
1983 NES 3.2 Baseball
3%
No matching quizzes found
Score Distribution
Percent of People with Each Score
Percentile by Number Answered
Your Score History
You have not taken this quiz since the last reset